มุมมองปกติ
มุมมองแบบ MARC
- วิลกินสัน, ริชาร์ด
รายการ Personal Name
001 - CONTROL NUMBER
- control field: 39661
003 - CONTROL NUMBER IDENTIFIER
- control field: NALT
005 - DATE AND TIME OF LATEST TRANSACTION
- control field: 20230816125943.0
008 - FIXED-LENGTH DATA ELEMENTS
- fixed length control field: 190522|| aca||aabn | a|a d
040 ## - CATALOGING SOURCE
- Original cataloging agency: NALT
100 1# - HEADING--PERSONAL NAME
- Personal name: วิลกินสัน, ริชาร์ด
